| 000 | 02157cam a22004814i 4500 | ||
|---|---|---|---|
| 003 | PE-LiUPU | ||
| 005 | 20250731172810.0 | ||
| 008 | 150617s a r 000 0 d | ||
| 020 | _a8430047352 | ||
| 020 | _a9788430047352 | ||
| 035 | _a(Sirsi) i9788430047352 | ||
| 040 |
_aPE-LiUPU _bspa _cPE-LiUPU _dPE-LiUPU _erda |
||
| 049 | _aPRUA | ||
| 082 | 0 | 4 |
_a236 _bC26 _22O |
| 100 | 1 |
_aCarrera, Antonio, _eautor. |
|
| 245 | 1 | 3 |
_aEl Fraude del Fin del Mundo / _cAntonio Carrera. |
| 264 | 1 |
_aLas Arenas, Bilbao : _bPregón, _c1981. |
|
| 300 |
_a238 páginas : _bilustraciones ; _c21 centímetros |
||
| 336 |
_atext _2rdacontent |
||
| 337 |
_aunmediated _2rdamedia |
||
| 338 |
_avolume _2rdacarrier |
||
| 505 | 0 | _aFin del Mundo en el primer siglo E.C. -- 2,000 años anunciando el fin del mundo -- Señales que anunciarán el fin del mundo -- Los iluminados de Brooklyn -- Errores de los testigos y su fraude del fin del mundo -- Las falsas cronologías de la torre -- Falso gran jubileo para 1874, 1925 y 1975 -- El milenio en 1874 y 1875. Fin de los años 6,000 años -- Los tiempos gentiles no son siete -- La venida de Cristo ¿Al cielo o a la tierra? -- Gran tribulación y Armagedón -- Señales del fin manipuladas -- El enigmático Nº 666 y el Anticristo -- El fraude del fin gran negocio -- La multinacional Jehovista en crisis ¿Causas? -- Guárdense del fraude del fin del mundo. | |
| 526 | _aSEG42 | ||
| 526 | _aSEG41 | ||
| 526 | _aSEG40 | ||
| 526 | _aSEG39 | ||
| 526 | _aP94 | ||
| 526 | _aP87 | ||
| 526 | _aP86 | ||
| 526 | _aP85 | ||
| 526 | _aP77 | ||
| 526 | _aP76 | ||
| 526 | _aP35 | ||
| 650 | 0 | 4 | _aTestigos de Jehová. |
| 650 | 0 | 4 | _aFin del mundo |
| 910 |
_ajck _bjvq _cjck _d20150616 |
||
| 942 |
_2ddc _cBOOK |
||
| 949 |
_a236 C26 _wDEWEY _c1 _i21505 _lCCODEBUL1 _mBUL _r0 _sY _tBOOK _u2015-6-17 _xTEOLOGIA _PP35 _0COMPRA _o.STAFF. Colección General |
||
| 994 |
_aC0 _bPEPRU |
||
| 596 | _a1 | ||
| 999 |
_a236 C26 _wDEWEY _c3880 _i21505 _d3880 _e2018-5-2 _f2021-11-11 _g5 _lCCODEBUL1 _mBUL _n1 _p20.00 _q1 _r0 _sY _tBOOK _u2015-6-17 _xTEOLOGIA _PP35 _0COMPRA _o.STAFF. Colección General |
||
| 980 |
_81 _gALBERTO SANCHEZ Responsable de Automatización |
||